000
00278nam a2200109Ia 4500
008
200302s9999 xx 000 0 und d
100
_a
Martha Stewart
245
_a
Gardenscapes Design for Outdoor Living
260
_b
P B C International Inc.
260
_c
1997
300
_a
175 P.,
999
_c
1172
_d
1172